| 000 | 00802cam a22002531 4500 | ||
|---|---|---|---|
| 001 | g 01002776 | ||
| 003 | DLC | ||
| 005 | 20260227111259.0 | ||
| 008 | 831213s1880 gw 000 0 ger | ||
| 010 | _ag 01002776 | ||
| 035 | _a(OCoLC)10214087 | ||
| 040 |
_aDLC _cOCU _dOCU _dDLC |
||
| 042 | _apremarc | ||
| 050 | 0 | 0 |
_aDG284 _b.S8 |
| 100 | 1 |
_aStahr, Adolf Wilhelm Theodor, _d1805-1876. |
|
| 245 | 1 | 0 |
_aAgrippina, _bdie Mutter Nero's. _cVon Adolf Stahr. |
| 250 | _a2. Aufl. | ||
| 260 |
_aBerlin, _bJ. Guttentag, _c1880. |
||
| 300 |
_aviii, 408 p. _c19 cm. |
||
| 490 | 0 |
_aBilder aus dem Alterthume. _v[4. Bd.] |
|
| 600 | 0 | 0 |
_aAgrippina, _cMinor, _d15-59. |
| 600 | 0 | 0 |
_aNero, _cEmperor of Rome, _d37-68 _xFamily. |
| 700 | 1 |
_aStahr, Adolf Wilhelm Theodor, _d1805-1876. _tBilder aus dem Alterthume. _nBd. 4. |
|
| 999 |
_c24054 _d24054 |
||